000 00623nam a2200217Ia 4500
005 20260429112150.0
008 260429s9999||||xx |||||||||||||| ||und||
020 _a9788170332220
041 _aEnglish
082 _a551.4109
_bDIK
100 _aDikshit, K. R.
245 0 _aIndia :
_bgeomorphological diversity ; essays in honour of professor A. B. Mukherji /
_cK. R. Dikshit
250 _a1st ed.
260 _aJaipur :
_bRawat Publications,
_c2025.
300 _a527 p.; hb
650 _a India
650 _aGeomorphological diversity
700 _a Kale, Vishwas S.
700 _a Kaul, M. N.
942 _cTB
999 _c52682
_d52682